Land vs. Land #64 - Statistiken

Allgemein
  • Dieses Quiz wurde 37 mal gespielt
  • Das Durchschnittsergebnis liegt bei 12 aus 14
Antwortstatistiken
Frage Antwort % Korrekt
...Fläche? China🇨🇳
100%
...Einwohner? China🇨🇳
100%
...Militär? China🇨🇳
100%
...Exportmengen? China🇨🇳
97%
...Frieden? Singapur🇸🇬
97%
...Bruttoinlandsprodukt pro Kopf? Singapur🇸🇬
88%
...HDI (Human Development Index)? Singapur🇸🇬
88%
...Gesundheitswesen? Singapur🇸🇬
88%
...Lebenserwartung? Singapur🇸🇬
88%
...Tourismus? China🇨🇳
85%
...durchschnittlicher IQ? Singapur🇸🇬
85%
...Bruttoinlandsprodukt? China🇨🇳
79%
...Gewinner? China🇨🇳
53%
...Happy Planet Index? China🇨🇳
6%
Keine übereinstimmenden Quizze gefunden
Verteilung der Resultate
Anzahl Personen mit jedem Resultat
Perzentil nach korrekt beantworteten Fragen
Ihre Resultats-Entwicklung
Sie haben dieses Quiz noch nicht gespielt